| 000 -LEADER |
| fixed length control field |
00431nam a22001697a 4500 |
| 008 - FIXED-LENGTH DATA ELEMENTS--GENERAL INFORMATION |
| fixed length control field |
150622b xxu||||| |||| 00| 0 alb d |
| 020 ## - INTERNATIONAL STANDARD BOOK NUMBER |
| International Standard Book Number |
9992701706 |
| 041 0# - LANGUAGE CODE |
| Language code of text/sound track or separate title |
alb |
| 080 ## - UNIVERSAL DECIMAL CLASSIFICATION NUMBER |
| Universal Decimal Classification number |
658 |
| 100 ## - Rafti |
| Rafti |
Kume, Vasilika; |
| 245 ## - TITLE STATEMENT |
| Title |
Marrja e vendimeve manaxheriale / |
| Statement of responsibility, etc |
Vasilika Kume. |
| 250 ## - |
| -- |
3rd Edition |
| 260 ## - |
| -- |
Tiranë: |
| -- |
SHBLU; |
| -- |
2002. |
| 300 ## - |
| -- |
470 f.: |
| -- |
me il.; |
| -- |
23 cm. |
| 650 #0 - |
| -- |
Menaxhimi |
| 942 ## - ADDED ENTRY ELEMENTS (KOHA) |
| Source of classification or shelving scheme |
|
| Item type |
Books |